000 00649nam a2200205 a 4500
005 20140412111350.0
008 050426s19uu xx 00 eng d
020 _a0-02-660942-8
050 _aTR(GS 372.4
_bF37 2000
100 _aFertig, Dennis
245 _aNancy's robot tale :
_bdecodable book /
_cby Dennis Fertig ; illustrated by Len Epstein.
260 _aColumbus, Ohio :
_bSRA/McGraw-Hill,
_c2000.
300 _a8 p. ; ill.
440 _aSRA Open Court Reading
500 _aLevel C, Set 1, Book 12
650 _aReading
_xPhonetics
_xJuvenile literature
650 _aRobots
_xFiction
650 _aChildren stories
999 _c105306
_d105306